000
00503nam a2200145Ia 4500
008
090122s9999 xx 000 0 und d
082
_b
9458
100
_a
वडनेरकर
_b
प्रीती
245
_a
कहाणी स्त्री जन्माची
600
_a
वडनेरकर
630
_a
कहाणी स्त्री जन्माची
700
_a
वडनेरकर
730
_a
कहाणी स्त्री जन्माची
942
_c
BOOK
999
_c
33535
_d
33535